Images That Rhyme with 'THICK' Quiz Stats

 Plays Quiz Updated Nov 8, 2017

Score 0/18 Timer 02:00
5 Plays Today
% Correct
brick
99.4%
chick
99.3%
lick
98.4%
tick
95.1%
prick
94.9%
Mick (Jagger)
92.3%
pick
92%
kick
91.3%
stick
88.8%
% Correct
wick
84.6%
Dick (Tracy)
81.4%
trick
81%
Click
79.7%
Rick (Astley)
71.1%
Flik
60.9%
Nick (Fury)
59.9%
slick
59.1%
(Francis) Crick
19.9%

You're not logged in!

Compare scores with friends on all Sporcle quizzes.
OR
Log In

Sporcle TV

Today on Sporcle TV


Watch our educational content, quiz creation guides, and fun videos on Sporcle TV.

Show Comments

Extras

Top Quizzes Today


Score Distribution

Your Account Isn't Verified!

In order to create a playlist on Sporcle, you need to verify the email address you used during registration. Go to your Sporcle Settings to finish the process.

Report this User

Report this user for behavior that violates our Community Guidelines.

Details: